Politické elity v krajinách Latinskej Ameriky (mechanizmus výberu politických elít vo vybraných krajinách Latinskej Ameriky)

Vysvetlenie spôsobu obsadzovania najvyšších politických postov vo vybraných štátoch Latinskej Ameriky - v Argentíne, Brazílii, Mexiku a Peru.

Saved in:
Bibliographic Details
Main Author: Kucharčík, Rudolf, 1977-
Format: Book Chapter
Language:Slovak
Subjects:
Tags: Add Tag
No Tags, Be the first to tag this record!

MARC

LEADER 00000naa$a2200000$$$4500
001 0188922
005 20240502083440.0
041 0 |a slo 
044 |a CZ 
245 1 0 |a Politické elity v krajinách Latinskej Ameriky (mechanizmus výberu politických elít vo vybraných krajinách Latinskej Ameriky)  |c Rudolf Kucharčík 
520 |a Vysvetlenie spôsobu obsadzovania najvyšších politických postov vo vybraných štátoch Latinskej Ameriky - v Argentíne, Brazílii, Mexiku a Peru. 
610 2 0 |a politika 
610 2 0 |a vláda 
610 2 0 |a prezidenti 
610 2 0 |a voľby 
610 2 0 |a strany politické 
610 2 0 |a Latinská Amerika 
100 1 |a Kucharčík, Rudolf, 1977-